000 00621nam a2200205 a 4500
005 20220629085918.0
008 030812s2001 mx r 000 0 spa d
020 _a9706460289
035 _aUPN01000127816
049 _aCG
050 4 _aKGF1980
_bS3.3
100 1 _aSánchez Piña, José de Jesús
_937737
245 1 0 _aCuaderno de trabajo de la Ley del Seguro Social /
_cJosé de Jesús Sánchez Piña.
260 _aMéxico :
_bPAC,
_c2001.
300 _a285 p.
500 _a"Material didáctico"
650 4 _aLEGISLACION SOCIAL -
_zMEXICO
_916245
650 4 _aSeguridad social
_zMéxico
_918394
905 _aLibro
999 _c99995
_d99995